Women, Law and Society (Record no. 18941)

MARC details
000 -LEADER
fixed length control field 00670nam a2200265 a 4500
020 ## - INTERNATIONAL STANDARD BOOK NUMBER
ISBN
082 00 - DEWEY DECIMAL CLASSIFICATION NUMBER
Classification number 340.5905491
Author Cutter BAL
100 ## - MAIN ENTRY--AUTHOR NAME
Author name Balchin, Cassandra
245 ## - TITLE STATEMENT
Title Women, Law and Society
260 ## - PUBLICATION, DISTRIBUTION, ETC. (IMPRINT)
Place of publication Karachi
Name of publisher Shirkat Gah
Year of publication 1996
300 ## - PHYSICAL DESCRIPTION
Number of Pages 259p
500 ## - GENERAL NOTE
General note includes index and biblioraphy
505 2# - FORMATTED CONTENTS NOTE
Formatted contents note dialogue Nov, 1-7,1991.
650 ## - SUBJECT ADDED ENTRY--TOPICAL TERM
Topical Term Muslim Women-Pakistan
650 ## - SUBJECT ADDED ENTRY--TOPICAL TERM
Topical Term Islamic-Law Pakistan
650 ## - SUBJECT ADDED ENTRY--TOPICAL TERM
Topical Term Women-Pakistan
942 ## - ADDED ENTRY ELEMENTS (KOHA)
Koha item type Books
700 1# -
-- Balchin, Cassandra
Holdings
Collection code Home library Current library Date acquired Cost, normal purchase price Full call number Accession Number Koha item type
  Henry Martyn Institute Library Henry Martyn Institute Library 01/28/2010 100.00 340.5905491 BAL 11000776 Books
                   Copyright © 2026 | Henry Martyn Institute | Hyderabad | TS-500052 | INDIA | Implemented by hmi.edu.in
Hit-Count:

Powered by Koha